000 00504nam a22001817a 4500
003 OSt
005 20140310182340.0
008 130312t xxu||||| |||| 00| 0 eng d
050 _aHS 3314
_b.B6 1986
082 _aGS 369.43
_bWo83 1986
110 _aBoy Scouts of America
_916217
245 _aWolf Cub Scout book /
260 _aIrving, Tex. :
_bBoy Scouts of America,
_c1986.
300 _a224 p. :
_c21 cm.
_bcol. ill. ;
650 _aBoy Scout
_xU.S.
_921708
942 _2lcc
_cBK-GS
999 _c12119
_d12119